| 000 | 00525nam a2200181Ia 4500 | ||
|---|---|---|---|
| 999 |
_c21745 _d21745 |
||
| 003 | OSt | ||
| 005 | 20200622122128.0 | ||
| 008 | 190216s9999||||xx |||||||||||||| ||und|| | ||
| 020 | _a9789350847435 | ||
| 040 | _coclc | ||
| 082 |
_a954.02 _bSEN/C |
||
| 100 |
_a Sengar, Shailendra _91564 |
||
| 245 | 0 |
_aCultural History Of Medieval India / _cShailendra Sengar |
|
| 260 |
_bCentrum Press, _c2015. _aNew Delhi: |
||
| 300 | _a280p | ||
| 650 | _aHistory | ||
| 942 |
_cBK _2ddc _h954.02 _iSEN/C _k954.02 _mSEN/C |
||